000 00530nam a2200157 4500
008 171117b xxu||||| |||| 00| 0 eng d
020 _a0-314-09980-8
082 _21997
_aDC 365.973
_bR27c
100 _923448
_aReichel, Philip L., author.
245 _aCorrections/
_cPhilip L. Reichel.
260 _aMinneapolis:
_bWest Publishing Company,
_c©1997.
300 _axxi, 714 pages :
_bIllustrations;
_c29 cm.
500 _aIncludes references, glossary and indexes.
650 0 _923449
_aCorrections
_zUnited States
942 _2ddc
_cDC
999 _c7774
_d7774